Visualizzazione normale
Vista MARC
- Wright Gary
di Personal Name
Records bibliografici associati: 1
001 - CONTROL NUMBER
- control field: 23520
003 - CONTROL NUMBER IDENTIFIER
- control field: IT-RoPau
005 - DATE AND TIME OF LATEST TRANSACTION
- control field: 20140501223427.0
008 - FIXED-LENGTH DATA ELEMENTS
- fixed length control field: 140501|| aca||aabn | a|a d
040 ## - CATALOGING SOURCE
- Original cataloging agency: IT-RoPau
- Transcribing agency: IT-RoPau
100 ## - HEADING--PERSONAL NAME
- Personal name: Wright Gary
- Miscellaneous information: Codice autore testo/musica SPICS: 22603
- Relator term: Autore testo/musica
- Name of part/section of a work: That's What It Takes
670 ## - SOURCE DATA FOUND
- Source citation: Work cat.: (IT-RoPau)101675: Harrison George 2724, Cloud Nine (Lp 925643-1)